Catalog

Record Details

Catalog Search



What Small Rabbit heard  Cover Image Book Book

What Small Rabbit heard / Sheryl Webster ; [illustrations by] Tim Warnes.

Webster, Sheryl. (Author). Warnes, Tim, (illustrator.).

Summary:

When Big Rabbit takes Small Rabbit out for a walk, the howling wind jumbles Big Rabbit's words, and Small Rabbit has fun jumping in the mud, rolling in the leaves, and doing everything he thinks Big Rabbit asks. Miscommunication abounds.

Record details

  • ISBN: 9780764145438 (pbk.)
  • ISBN: 0764145436 (pbk.)
  • Physical Description: 1 v. (unpaged) : color illustrations ; 25 cm.
  • Edition: 1st edition for the U.S., its territories and dependencies, and Canada.
  • Publisher: Hauppauge, NY : Barron's, 2010.
Subject: Communication > Juvenile fiction.
Rabbits > Juvenile fiction.
Autumn > Juvenile fiction.

Available copies

  • 1 of 1 copy available at scottsboropl.

Holds

  • 0 current holds with 1 total copy.
Show Only Available Copies
Location Call Number / Copy Notes Barcode Shelving Location Status Due Date
scottsboropl E Web 32269000877897 Juvenile - Easy Available -

LDR 01216cam a2200277Ia 4500
001133273
003CONS
00520171121074811.0
008100707s2010 nyua j 000 1 eng d
020 . ‡a9780764145438 (pbk.)
020 . ‡a0764145436 (pbk.)
035 . ‡a(CPomAG)LMN505322
05014. ‡aPZ7.W4117 ‡bWh 2010
08204. ‡a[E] ‡222
1001 . ‡aWebster, Sheryl.
24510. ‡aWhat Small Rabbit heard / ‡cSheryl Webster ; [illustrations by] Tim Warnes.
250 . ‡a1st edition for the U.S., its territories and dependencies, and Canada.
260 . ‡aHauppauge, NY : ‡bBarron's, ‡c2010.
300 . ‡a1 v. (unpaged) : ‡bcolor illustrations ; ‡c25 cm.
520 . ‡aWhen Big Rabbit takes Small Rabbit out for a walk, the howling wind jumbles Big Rabbit's words, and Small Rabbit has fun jumping in the mud, rolling in the leaves, and doing everything he thinks Big Rabbit asks. Miscommunication abounds.
650 0. ‡aCommunication ‡vJuvenile fiction.
650 0. ‡aRabbits ‡vJuvenile fiction.
650 0. ‡aAutumn ‡vJuvenile fiction.
7001 . ‡aWarnes, Tim, ‡eillustrator.
959 . ‡i32269000877897 ‡lE Web ‡aJuvenile - Easy ‡tEasy ‡g20.00
852 . ‡p32269000877897 ‡jE Web ‡gJuvenile - Easy ‡cEasy ‡y20.00 ‡bSBPL
901 . ‡a133273 ‡bUnknown ‡c133273 ‡tbiblio

Additional Resources